Hubble's universe : greatest discoveries and ... Read More
Available copies
- 1 of 1 copy available at LARL/NWRL Consortium.
- 1 of 1 copy available at Lake Agassiz Regional Library. (Show preferred library)
Current holds
0 current holds with 1 total copy.
Show All Copies
| Location | Call Number / Copy Notes | Barcode | Shelving Location | Status | Due Date |
|---|---|---|---|---|---|
| Crookston Public Library | 522.2919 DIC (Text) | 33500010962264 | Main | Available | - |
Record details
- ISBN: 9781770851078
- ISBN: 1770851070
- Physical Description: 300 p. : ill. (chiefly col.), col. ports. ; 29 cm.
- Publisher: Richmond Hill, Ont. ; Firefly Books, 2012.
Content descriptions
| Bibliography, etc. Note: | Includes bibliographical references and index. |
| Formatted Contents Note: | Hubble's universe -- Hubble's top science ... Read More |
| Summary, etc.: | Bestselling astronomy writer Terence Dickinson ... Read More |
Search for related items by subject
| LDR | 02385cam a22004817a 4500 | ||
|---|---|---|---|
| 001 | 149951 | ||
| 003 | LARL_NWRL_CONSORTIUM | ||
| 005 | 20130208091136.0 | ||
| 008 | 121123s2012 onca b 001 0 eng | ||
| 010 | . | ‡a2012472220 | |
| 015 | . | ‡aGBB265240 ‡2bnb | |
| 016 | . | ‡a2012901995X | |
| 016 | 7 | . | ‡a016118230 ‡2Uk |
| 019 | . | ‡a785066843 ‡a798410596 ‡a814284608 | |
| 020 | . | ‡a9781770851078 | |
| 020 | . | ‡a1770851070 | |
| 035 | . | ‡a(OCoLC)785765260 ‡z(OCoLC)785066843 ‡z(OCoLC)798410596 ‡z(OCoLC)814284608 | |
| 040 | . | ‡aNLC ‡beng ‡cNLC ‡dDLC ‡dBDX ‡dBTCTA ‡dVP@ ‡dYDXCP ‡dUPZ ‡dEINCP ‡dJQM ‡dBKX ‡dUKMGB ‡dOCLCO ‡dBWX ‡dNZUPM ‡dJPL ‡dCNKUC ‡dCDX | |
| 042 | . | ‡alccopycat | |
| 050 | 0 | 0. | ‡aQB500 ‡b.D53 2012 |
| 055 | 0. | ‡aQB500.268 ‡bD53 2012 | |
| 055 | 0 | 0. | ‡aQB500 .268 ‡bD53 2012 fol. |
| 082 | 0 | 4. | ‡a522/.2919 ‡223 |
| 100 | 1 | . | ‡aDickinson, Terence. ‡0(LARL_NWRL_CONSORTIUM)51760 |
| 245 | 1 | 0. | ‡aHubble's universe : ‡bgreatest discoveries and latest images / ‡cTerence Dickinson. |
| 260 | . | ‡aRichmond Hill, Ont. ; ‡aBuffalo, NY : ‡bFirefly Books, ‡c2012. | |
| 300 | . | ‡a300 p. : ‡bill. (chiefly col.), col. ports. ; ‡c29 cm. | |
| 504 | . | ‡aIncludes bibliographical references and index. | |
| 520 | . | ‡aBestselling astronomy writer Terence Dickinson showcases a breathtaking portfolio drawn from an archive of over 500,000 existing Hubble images together with facts and tidbits about Hubble's history and discoveries not found in any other book. | |
| 505 | 0 | . | ‡aHubble's universe -- Hubble's top science accomplishments -- The message of starlight -- Crucibles of creation -- Starry tapestry -- Blaze of glory -- Hubble's invisible universe -- Empires of stars -- Neighbor worlds : the planets -- Hubble's strange universe. |
| 610 | 2 | 0. | ‡aHubble Space Telescope (Spacecraft) ‡0(LARL_NWRL_CONSORTIUM)8739 |
| 651 | 0. | ‡aOuter space ‡xExploration ‡0(LARL_NWRL_CONSORTIUM)27376 | |
| 651 | 0. | ‡aDeep space ‡vPictorial works. | |
| 610 | 2 | 6. | ‡aHubble Space Telescope (Navire spatiale) |
| 651 | 6. | ‡aEspace extra-atmosphérique ‡xExploration. | |
| 650 | 6. | ‡aEspace lointain ‡vOuvrages illustrés. | |
| 650 | 7. | ‡aPopular Science. ‡2eflch | |
| 948 | . | ‡hNO HOLDINGS IN LAL - 513 OTHER HOLDINGS | |
| 994 | . | ‡aZ0 ‡bLAL | |
| 901 | . | ‡a149951 ‡bOCLC ‡c149951 ‡tbiblio | |

Add to basket
Permalink
Disable Highlighting